Interní audit jakosti. 2 Zkušenosti z Královopolské a.s.

Skúsenosti s trojročnou aplikáciou interných auditov akosti v Královopolskej a.s. Zavedenie systému riadenia akosti je nereálne bez aplikácie analýz činností prostredníctvom auditov. Boli spracované významné interné dokumenty, ktoré majú charakter štandardných postupov a inštrukcií.

Na minha lista:
Detalhes bibliográficos
Autor principal: Vaněk, J.
Formato: Capítulo de Livro
Idioma:tcheco
Assuntos:
Tags: Adicionar Tag
Sem tags, seja o primeiro a adicionar uma tag!

MARC

LEADER 00000naa a2200000 4500
001 r015295
005 20221213082421.1
041 0 |a cze 
044 |a CZ 
245 1 0 |a Interní audit jakosti. 2  |b Zkušenosti z Královopolské a.s.  |c J. Vaněk 
520 |a Skúsenosti s trojročnou aplikáciou interných auditov akosti v Královopolskej a.s. Zavedenie systému riadenia akosti je nereálne bez aplikácie analýz činností prostredníctvom auditov. Boli spracované významné interné dokumenty, ktoré majú charakter štandardných postupov a inštrukcií. 
610 2 0 |a riadenie kvality 
610 2 0 |a kvalita 
610 2 0 |a podnik výrobný 
610 2 0 |a analýzy 
610 2 0 |a audítorstvo 
610 2 0 |a kontrola kvality 
100 1 |a Vaněk, J.